• 首页
  • 本馆介绍
  • 公告通知
  • 最新文献
  • 馆藏检索
  • 电子资源
  • 读者导购
  • 参考咨询
  • 我的图书馆
  • 登录
  • 详细信息显示
  • 放入我的书架
  • 预约/预借图书
  • 作者相关作品
  • 分类相关作品
  • 丛书相关作品
  • 出版社相关作品

书目信息

  • 表格格式
  • 工作单格式
  • 卡片格式
题名:
现代实用临床护理
    
 
作者: 方靖 著
分册:  
出版信息: 长春   吉林科学技术出版社  2019.05
页数: 216页
开本: 26cm
丛书名:
单 册:
中图分类: R47
科图分类:
主题词: 护理学--hu li xue
电子资源:
ISBN: 978-7-5578-5551-2
000 00942nam0 2200253 450
001 CAL 010004922
005 20230217093111.0
010    @a978-7-5578-5551-2@dCNY98.00
092    @aCN@bRt945-0588
100    @a20210402d2019 em y0chiy0120 ea
101 0  @achi
102    @aCN@b220000
105    @ay a 000yy
106    @ar
200 1  @a现代实用临床护理@Axian dai shi yong lin chuang hu li@f方靖著
210    @a长春@c吉林科学技术出版社@d2019.05
215    @a216页@d26cm
320    @a有书目 (第216页)
330    @a本书介绍了内外科常见疾病的特点和护理, 内容包括: 围术期患者的护理、普通外科疾病患者的护理、泌尿外科疾病患者的护理、神经外科疾病患者的护理、呼吸系统疾病患者的护理、循环系统疾病患者的护理、消化系统疾病患者的护理、血液系统疾病患者的护理、神经内科疾病患者的护理等九章。
606 0  @a护理学@Ahu li xue
690    @aR47@v5
701  0 @a方靖@Afang jing@4著
801  0 @aCN@bBJXHZP@c20230222
905    @b1394290-3@dR47@e151@f4
    
    现代实用临床护理/方靖著.-长春:吉林科学技术出版社,2019.05
    216页;26cm
    
    
    ISBN 978-7-5578-5551-2:CNY98.00
    本书介绍了内外科常见疾病的特点和护理, 内容包括: 围术期患者的护理、普通外科疾病患者的护理、泌尿外科疾病患者的护理、神经外科疾病患者的护理、呼吸系统疾病患者的护理、循环系统疾病患者的护理、消化系统疾病患者的护理、血液系统疾病患者的护理、神经内科疾病患者的护理等九章。
●
相关链接 在E读中查询图书 在五车中查询图书 在当当中查询图书 在豆瓣中查询图书


正题名:现代实用临床护理     索取号:R47/151         预约/预借

序号 登录号 条形码 馆藏地/架位号 状态 备注
1 1394290   213942901   第二样本阅览室/ [索取号:R47/151] 在馆    
2 1394291   213942910   第三借阅区/ [索取号:R47/151] 在馆    
3 1394292   213942929   第三借阅区/ [索取号:R47/151] 在馆    
4 1394293   213942938   第三借阅区/ [索取号:R47/151] 在馆    
唐山师范学院图书馆 欢迎您!
大连网信软件有限公司© 版权所有